Open Data Biblioteca Nacional de Portugal


República Portuguesa: Ministério da Cultura
Biblioteca Nacional de Portugal

Catálogo da BNP: acesso por Identificadores Unívocos
Registos Bibliográficos associados ao registo de autoridade

Etiqueta de registo: 00379nas 2200205 450
001 2285969
003 http://id.bnportugal.gov.pt/bib/catbnp/2285969
011 ## $a3051-8385
100 ## $a20260507a20269999m y0pory01030103ba
101 0# $apor
102 ## $aPT
106 ## $ar
110 ## $aahaz 0uu0
200 1# $aFachadas$fed. Associação Portuguesa de Engenharia de Fachadas$gdir. Luís Simões da Silva
207 #0 $aNº 1 (jun. 2026)-
210 #9 $aAntanhol (Coimbra)$cAssociação Portuguesa de Engenharia de Fachadas,$d2026-
211 ## $a202606
215 ## $dcm
326 ## $aTrimestral
530 1# $aFachadas$b(Antanhol)
620 ## $dAntanhol
702 #1 $aSilva,$bLuís Simões da$4300$31042669
712 02 $aAssociação Portuguesa de Engenharia de Fachadas$4650$31997920
801 #0 $aPT$bBN$gRPC
971 ## $ciquintas$d20260507

OpendataBNP@bnportugal.pt | Mais informação sobre acesso aos dados BNP